000 00628cam a2200229 i 4500
005 20260322212021.0
008 data
010 _a 75015830
020 _a0395207169
020 _a9780395207161
040 _aDLC
_cDLC
_dDLC
050 0 0 _aQB88
_b.A76
082 0 0 _a522/.2/09
092 _a522.2 A76 1975
100 1 _aAsimov, Isaac,
_d1920-1992.
245 1 0 _aEyes on the universe :
_ba history of the telescope /
_cIsaac Asimov.
260 _aBoston :
_bHoughton Mifflin,
_c1975.
300 _aix, 274 p., [8] leaves of plates :
_bill. ;
_c24 cm.
500 _aIncludes index.
650 0 _aTelescopes
_xHistory.
001 data
999 _c464
_d464